The solid state : (Record no. 1724)

MARC details
000 -LEADER
fixed length control field 01141nam a22003135i 4500
003 - CONTROL NUMBER IDENTIFIER
control field EG-ScBUE
005 - DATE AND TIME OF LATEST TRANSACTION
control field 20250527100043.0
008 - FIXED-LENGTH DATA ELEMENTS--GENERAL INFORMATION
fixed length control field 090623r19961975e a f b 001 0 eng d
020 ## - INTERNATIONAL STANDARD BOOK NUMBER
International Standard Book Number 0198518706 (pbk)
020 ## - INTERNATIONAL STANDARD BOOK NUMBER
International Standard Book Number 9780198518709
040 ## - CATALOGING SOURCE
Original cataloging agency EG-ScBUE
Language of cataloging eng
Description conventions rda
Transcribing agency EG-ScBUE
Modifying agency EG-ScBUE
082 04 - DEWEY DECIMAL CLASSIFICATION NUMBER
Classification number 530.41
Item number ROS
Edition number 22
100 1# - MAIN ENTRY--PERSONAL NAME
Personal name Rosenberg, H. M.,
9 (RLIN) 6749
Relator term author.
245 14 - TITLE STATEMENT
Title The solid state :
Remainder of title an introduction to the physics of solids for students of physics, materials science, and engineering /
Statement of responsibility, etc H. M. Rosenberg.
250 ## - EDITION STATEMENT
Edition statement Third edition.
250 ## - EDITION STATEMENT
Edition statement Reprinted edition.
264 #1 - PUBLICATION, DISTRIBUTION, ETC. (IMPRINT)
Place of publication, distribution, etc Oxford :
Name of publisher, distributor, etc Oxford University Press,
Date of publication, distribution, etc 1996.
300 ## - PHYSICAL DESCRIPTION
Extent viii, 315 pages :
Other physical details illustrations ;
Dimensions 22 cm.
336 ## - CONTENT TYPE
Source rdacontent
Content type term text
Content type code txt
337 ## - MEDIA TYPE
Media type term unmediated
Source rdamedia
Media type code n
338 ## - CARRIER TYPE
Carrier type term volume
Carrier type code nc
Source rdacarrier
490 0# - SERIES STATEMENT
Series statement Oxford physics series ;
Volume number/sequential designation 9
500 ## - GENERAL NOTE
General note Reprint of the 1975 edtion.<br/>
504 ## - BIBLIOGRAPHY, ETC. NOTE
Bibliography, etc Includes bibliographical references and index.<br/>
650 #7 - SUBJECT ADDED ENTRY--TOPICAL TERM
Topical term or geographic name as entry element Solid state physics.
Source of heading or term BUEsh
9 (RLIN) 6750
650 #7 - SUBJECT ADDED ENTRY--TOPICAL TERM
Topical term or geographic name as entry element Solids
General subdivision Structure & physical properties.
Source of heading or term BUEsh
9 (RLIN) 6751
655 ## - INDEX TERM--GENRE/FORM
Form subdivision Reading book
942 ## - ADDED ENTRY ELEMENTS (KOHA)
Source of classification or shelving scheme Dewey Decimal Classification
Koha item type Book - Borrowing
Holdings
Withdrawn status Lost status Source of classification or shelving scheme Damaged status Not for loan Collection code Home library Current library Shelving location Date acquired Source of acquisition Cost, normal purchase price Total Checkouts Full call number Barcode Date last seen Cost, replacement price Koha item type Date checked out Price effective from
    Dewey Decimal Classification     Donation-Gift Central Library Central Library First floor 11/12/2006 Purchase 150.00   530.41 ROS 000002593 15/07/2025 187.50 Book - Borrowing    
    Dewey Decimal Classification     Alef-Baa Central Library Central Library First floor 23/06/2009   150.00 1 530.41 ROS 000016952 15/07/2025 187.50 Book - Borrowing 17/10/2024 23/06/2009
    Dewey Decimal Classification     Alef-Baa Central Library Central Library First floor 16/12/2017 Purchase     530.41 ROS 000042657 15/07/2025   Book - Borrowing   16/12/2017